| 000 | 00366nam a2200109Ia 4500 | ||
|---|---|---|---|
| 008 | 240129s9999 xx 000 0 und d | ||
| 100 | _aUDDIN, MOHD MERAJ | ||
| 245 | 2 | _aA STUDY ON DIFFERENTIAL GPS POSITION ACCURACY ANALYSIS WITH LATENCY MITIGATION | |
| 260 |
_bMEWAR UNIVERSITY, CHITTORGARH _c2021 |
||
| 650 | _aElectronic & Communication Engineering | ||
| 942 | _cTHE | ||
| 999 |
_c218912 _d218912 |
||